000 00323nam a2200121Ia 4500
008 220217s9999||||xx |||||||||||||| ||und||
082 _a511.6 KOS
100 _aKoshy, Thomas
245 0 _aDiscrete mathematics with applications
260 _aAcademic press
_bNew Delhi
_c2006
300 _b495
650 _aMATHEMATICS
999 _c175029
_d175029